Moda : el siglo de los diseñadores : 1900-1999 /
Recorrido cronológico por la historia de la moda a lo largo del siglo XX, que comprende sus aspectos creativos e industriales y da sitio, en sus capítulos más extensos, a un acercamiento biográfico y profesionales de los principales diseñadores de alta costura del período.
محفوظ في:
| المؤلف الرئيسي: | |
|---|---|
| التنسيق: | كتاب |
| اللغة: | الإسبانية |
| منشور في: |
Alemania :
Könemann,
2000, c2000
|
| الموضوعات: | |
| الوسوم: |
لا توجد وسوم, كن أول من يضع وسما على هذه التسجيلة!
|
MARC
| LEADER | 00000nam^a2200000^a^4500 | ||
|---|---|---|---|
| 001 | 000129602 | ||
| 005 | 20250521000000.0 | ||
| 009 | 20260310094920.039 | ||
| 020 | |a 3-8290-2983-7 | ||
| 037 | |a Acervo ITESO - Biblioteca | ||
| 041 | |a ESP | ||
| 082 | |a 746. 9209 |b SEE | ||
| 100 | |a Seeling, Charlotte |e (autor) | ||
| 245 | 1 | 0 | |a Moda : |b el siglo de los diseñadores : 1900-1999 / |c C. Seeling ; tr. por Mariona Gratacòs i Grau, Meritxell Tena Ripollès. |
| 264 | 4 | |a Alemania : |b Könemann, |c 2000, c2000 | |
| 300 | |a 655 p. | ||
| 336 | |a texto |b txt |2 rdacontenido | ||
| 337 | |a sin mediación |b n |2 rdamedio | ||
| 338 | |a volumen |b nc |2 rdasoporte | ||
| 500 | |a Traducción de: Mode. Das Jahrhundert der Designer 1900-1999 | ||
| 520 | |a Recorrido cronológico por la historia de la moda a lo largo del siglo XX, que comprende sus aspectos creativos e industriales y da sitio, en sus capítulos más extensos, a un acercamiento biográfico y profesionales de los principales diseñadores de alta costura del período. | ||
| 649 | |a XX | ||
| 650 | |a Diseñadores de Moda - |x Biografías | ||
| 650 | |a Diseñadores - |x Biografías | ||
| 650 | |a Moda - |x Historia - |y Siglo XX | ||
| 650 | |a Diseño Textil | ||
| 650 | |a Industria del Vestido | ||
| 650 | |a Arte - |y Siglo XX | ||
| 650 | |a Arte - |x Historia y Crítica | ||
| 910 | |a Fondo General | ||
| 920 | |a Impresos - Libros | ||
| 930 | |a Reserva Especial | ||
| 905 | |a 103 | ||
| 901 | |a 0500059758 |b IT1 |c REE |u 20250521 | ||
| 902 | |a https://opac.biblio.iteso.mx/vufind/Record/000129602 | ||